| 000 | 00688nas a2200253 4500 | ||
|---|---|---|---|
| 001 | BR9701601 | ||
| 003 | BR-BrBNA | ||
| 005 | 20231205100120.0 | ||
| 007 | ta | ||
| 008 | 230509b bl.|||p| |||| 00| 00por d | ||
| 040 |
_aBR-BrBNA _bpor _cBiblioteca Nacional de Agricultura |
||
| 041 | _a(Pt) | ||
| 072 | _aL01; Q54 | ||
| 100 | 1 | _aCotta, T. | |
| 245 | 1 | _aCriacao de codornas japonesas de postura | |
| 650 | _aCodorna | ||
| 650 | _aCriacao | ||
| 650 | _aRacao | ||
| 650 | _aComposicao de Alimento | ||
| 650 | _aIluminacao Natural | ||
| 773 | 0 |
_tLavoura (Brazil) _x _g(Dec 1996), v. 99(619) p. 29-34 _wBR9701601 |
|
| 909 |
_a202311 _bLúcia _c55 _dLúcia Elande |
||
| 942 |
_2AGRIS _n0 _cANA |
||
| 999 |
_c154388 _d154388 |
||